00919nam a2200277 i 4500001000300000100001900003245008600022250002900108260004700137300003500184500003000219650002200249655001800271700002300289020001500312040000800327041000700335080001600342920001800358942000700376008004100383999001700424856009800441952005100539952005100590bg1 aSWAN, Michael.00aThe new Cambridge English course.n1,pStudent /cMichael Swan, Catherine Walter. a[11th print. 1st publ.]. aCambridge :bCambridge Univ. Press,c1995. b136 s. :bfot., rys. ;c30 cm. a11 dodr. do wyd.1 z 1990. 9aJęzyk angielski aPodręczniki1 aWALTER, Catherine. a0521376378 cBPK0 aen a811.111(07) a0-521-37637-8 cKS s pl f |000 0 pol  c10344d10344 uhttp://koha.tu.koszalin.pl/cgi-bin/koha/opac-detail.pl?biblionumber=10344yKatalog online BPK 00104070aBPKbBPKcwoP 49452p01925296yKS 00104070aBPKbBPKcwoP 49453p01125429yKS